বাংলাদেশের সেচ ব্যবস্থা / (Record no. 71043)
[ view plain ]
| 000 -LEADER | |
|---|---|
| fixed length control field | 00893nam a2200229 a 4500 |
| 001 - CONTROL NUMBER | |
| control field | 71043 |
| 003 - CONTROL NUMBER IDENTIFIER | |
| rucl marc code | BD-RjUL |
| 005 - DATE AND TIME OF LATEST TRANSACTION | |
| control field | 20211209082054.0 |
| 008 - FIXED-LENGTH DATA ELEMENTS--GENERAL INFORMATION | |
| fixed length control field | 170423s2007 bg a|||| |||| 000 0 ben d |
| 020 ## - INTERNATIONAL STANDARD BOOK NUMBER | |
| International Standard Book Number | 9840745778 |
| Terms of availability | : Tk. 120.00 |
| 035 ## - SYSTEM CONTROL NUMBER | |
| System control number | (BD-RjUL)71257 |
| 040 ## - CATALOGING SOURCE | |
| Original cataloging agency | BD-RjUL |
| Language of cataloging | ben |
| Transcribing agency | BD-RjUL |
| Modifying agency | BD-RjUL |
| 041 ## - LANGUAGE CODE | |
| Language code of text/sound track or separate title | ben |
| 082 ## - DEWEY DECIMAL CLASSIFICATION NUMBER | |
| Edition number | 23 |
| Classification number | 631.58705492 |
| Author mark and year | SHB 2007 |
| 100 1# - MAIN ENTRY--PERSONAL NAME | |
| Personal name | শাহ্, আহমেদ হোসেন |
| 9 (RLIN) | 210183 |
| 245 10 - TITLE STATEMENT | |
| Title | বাংলাদেশের সেচ ব্যবস্থা / |
| Statement of responsibility, etc. | আহমেদ হোসেন শাহ্ |
| 260 ## - PUBLICATION, DISTRIBUTION, ETC. (IMPRINT) | |
| Place of publication, distribution, etc. | ঢাকা : |
| Name of publisher, distributor, etc. | বাংলা একাডেমী, |
| Date of publication, distribution, etc. | ২০০৭ [১৪১৪] |
| 300 ## - PHYSICAL DESCRIPTION | |
| Pagination | ১৮৪ পৃ. : |
| Illustrations | চিত্র. ; |
| Size | ২৬ সেমি. |
| 650 ## - SUBJECT ADDED ENTRY--TOPICAL TERM | |
| Topical term or geographic name as entry element | সেচ ব্যবস্থা |
| Geographic subdivision | বাংলাদেশ |
| 9 (RLIN) | 210184 |
| Topical term or geographic name as entry element | Irrigation |
| Geographic subdivision | Bangladesh |
| 9 (RLIN) | 116708 |
| 942 ## - ADDED ENTRY ELEMENTS (KOHA) | |
| Source of classification or shelving scheme | Dewey Decimal Classification |
| Koha item type | Books |
| Lost status | Source of classification or shelving scheme | Damaged status | Not for loan | Collection code | Permanent Location | Current Location | Shelving location | Date acquired | Source of acquisition | Cost, normal purchase price | Total Checkouts | Full call number | Date last seen | Copy number | Koha item type |
|---|---|---|---|---|---|---|---|---|---|---|---|---|---|---|---|
| Dewey Decimal Classification | Not For Loan | Non-fiction | Central Library, University of Rajshahi | Central Library, University of Rajshahi | Reading Room | 19/08/2009 | Bangla Academi, Dhaka | 120.00 | B 631.58705492 SHB 2007 | 23/04/2017 | C-1 | Books |